000 00647cam a2200205 4500
001 WB3616-43
008 000000n2000 000 0 eng u
035 _a(Sirsi) u105556
245 _aNet mania reaches auction room
260 _c2000
490 _aSunday Times
_v23 April 2000. 4.1(1)
520 _aDiscusses the first auction of domain names, mainly property related, being organised by Conrad Ritblat, the commercial property auctioneer.
590 _aWB
650 _aAuctioneering
_96218
650 0 _aDOMAIN NAME
650 0 _aAUCTIONEERS
650 _aCONRAD RITBLAT
690 _aINFORMATION TECHNOLOGY-INTERNET
942 _n0
999 _c63247
_d63247